000 00881nam a2200241Ia 4500
003 OSt
005 20220923223454.0
006 a|||||r|||| 00| 0
007 ta
008 220922b |||||||| |||| 00| 0 hin d
024 _a217,361
037 _cTextual
040 _aARTS
_cARTS
_bhin
041 _2hin
_ahin
082 _aP152,7, 152N7(O152/Tr)
100 _aरामप्रकाश; गुप्त, दिनेश
245 0 _aप्रयोजनमूलक हिंदी
_b संरचना एवं अनुप्रयोग
246 _aPrayojanamūlak hiandī: sanrachanā evan anuprayoga
260 _aदिल्ली
_b राधाकृष्ण
_c1997
300 _a132i`
_ccm.
942 _hP152,7, 152N7(O152/Tr)
_cTEXL
_2CC
999 _c365573
_d365573